000 00693nam a2200241 a 4500
001 BRL_616
005 20190320210825.0
008 100913s1954----mx-ab#####---#000-0#spa-#
041 _aspa
044 _amx
050 4 _aGV200.15
_b.C67 1954
100 1 _aCosta, Luis
_924436
245 1 0 _a28 Bajo Cero
_bconquista de las cumbres mas altas de América
_cLuis Costa.
260 _aMéxico
_bClub España, AC. Mejico Montañismo
_c1954
300 _a284 p.
_bil., mapas
_c22 cm.
500 _aAu700
650 1 4 _aAlpinismo
_916779
650 1 4 _aAlpinismo
_zAmérica
_924437
650 1 4 _aAlpinistas
_zMéxico
_923421
650 1 4 _aAlpinistas
_zEspaña
_924438
902 _aGRL
942 _2lcc
_cB
999 _c9428
_d9428